| 000 | 00636nam a22002052 4500 | ||
|---|---|---|---|
| 001 | 0000001200 | ||
| 005 | 20151217155808.0 | ||
| 008 | 070227s xx 000 0 eng d | ||
| 040 |
_aKABU _cKABU |
||
| 050 | 0 |
_aDT433.252 _b.A84 |
|
| 100 | 1 |
_aAshe, Robert P. _@0000149786 |
|
| 245 | 1 | 0 | _aTwo kings of Uganda or life by the shores of Victoria Nyanza. |
| 260 |
_aLondon : _bSampson Low, _c1890. |
||
| 300 | _a291 p. | ||
| 600 | 1 | 0 |
_aMutesa, King of Buganda, _d1884. _@0000149787 |
| 600 | 1 | 0 |
_aMwanga, King of Buganda, _d1903. _@0000149788 |
| 908 | _a070227 | ||
| 950 | _@1 | ||
| 999 |
_c12513 _d12513 |
||